Los resultados de la política de promoción industrial al cabo de un decenio, 1974-1983 (Registro nro. 16465)

Detalles MARC
000 -LEADER
fixed length control field 00379 a2200109 4500
001 - CONTROL NUMBER
control field ART_3518
005 - DATE AND TIME OF LATEST TRANSACTION
control field 20260410161715.0
008 - FIXED-LENGTH DATA ELEMENTS--GENERAL INFORMATION
fixed length control field 260409a
100 1# - MAIN ENTRY--PERSONAL NAME
Personal name Azpiazu, Daniel
245 10 - TITLE STATEMENT
Title Los resultados de la política de promoción industrial al cabo de un decenio, 1974-1983
773 0# - HOST ITEM ENTRY
Title Desarrollo económico
Related parts - Vol. 26, Nº 104 (ene./mar. 1987)
Record control number REV1174

No hay ítems disponibles.